| 000 | 00446 a2200121 4500 | ||
|---|---|---|---|
| 001 | 89150 | ||
| 082 | _a958.1046092 RID | ||
| 090 |
_c42098 _d42098 |
||
| 100 | _aYvonne Ridley; Mohammad Yahya Khan, translator | ||
| 245 |
_aIn the hands of the taliban=taliban ki qaid main _bAfter 9/11 Britin women journalist secret mission to afghanistan and his story in the captivity of taliban |
||
| 260 |
_aLahore _bNigarshat _c2013 |
||
| 300 | _a296 p. | ||
| 942 |
_aCAE NUST _k958.1046092 RID |
||
| 999 |
_c324223 _d324223 |
||